000 00898nam a22002297a 4500
003 NALT
005 20241020162912.0
008 241020b th ||||| |||| 00| 1 tha d
020 _a9789740926726
040 _aNALT
090 _aFIC
_bฌ111ท 2550
100 _aฌามิวอาห์
_923149
245 1 0 _aที่ซึ่งหัวใจอยู่ใกล้กัน /
_cฌามิวอาห์.
250 _aพิมพ์ครั้งที่ 2.
260 _aกรุงเทพฯ :
_bแจ่มใส พับลิชชิ่ง,
_c2555.
300 _a243 หน้า ;
_c21 ซม.
490 _aความรู้สึกดี... ที่เรียกว่ารัก ชุดพิเศษ.
650 4 _aนวนิยายไทย
_96428
850 _aNALT
942 _2local
_cFIC
996 _akornsiririn.r
_bCATSTF
_c2024-10-20
999 _c106037
_d106037
998 _h7560
_j7560
_k กรศิริรินทร์ รัตนสุภา